000 00897nam a2200229Ia 4500
003 GCL
008 140319s9999 xx 000 0 ara d
040 _aGCL /
_cGCL
082 0 4 _a005.3
_bم م
100 1 _aمجدى محمد ابوالعطا
245 1 0 _aالمرجع الاساسى لنظام التشغيل XP /
_cمجدى محمد ابوالعطا
250 _aالاولى
260 _aالقاهرة :
_bالعربية لعلوم الحاسب ،
_c2002
300 _a693 ص ؛
_c24 سم
490 _aسلسلة تيسير علوم الحاسب
_v83
650 0 4 _aنظم المعلومات
650 0 4 _aاختزان واسترجاع المعلومات
650 0 4 _aالحاسبات الالكترونية - برامج
650 0 4 _aالحاسبات الالكترونية - اجهزة الادخال والاخراج
650 0 4 _aويندوز اكس بى
942 _2ddc
_cBK
999 _c5407
_d5407